000 00306nam a2200109Ia 4500
008 160531s9999 xx 000 0 und d
100 _aBananej, Alireza.
245 _aPhotonic Crystals
245 _cby Alireza Bananej (ed.)
260 _c2015
856 _uhttp://www.intechopen.com/books/photonic-crystals
999 _c295186
_d295186